000 01107nam a2200325 i 4500
001 bg
100 1 _aLACK, Andrew
245 1 0 _aBiologia roślin /
_cA. J. Lack, D. E. Evans ; przekł. zbiorowy pod red. Przemysława Wojtaszka i Adama Woźnego ; zespół tł. Anna Rusińska [et al.].
246 _iTyt. oryg.:
_aPlant biology
260 _aWarszawa :
_bWydaw. Naukowe PWN,
_c2003.
300 _aXII, [2], 421, [1] s. :
_bil., mapy ;
_c24 cm.
490 1 _aKrótkie Wykłady
500 _aTyt. oryg.: "Plant biology" 2001.
504 _aBibliogr. Indeks.
651 9 _aRośliny
_xbiologia
655 _aPodręczniki akademickie
700 1 _aEVANS, D. E.
700 1 _aWOJTASZEK, Przemysław.
_eRed.
700 1 _aWOŹNY, Adam.
_eRed.
700 1 _aRUSIŃSKA, Anna.
_eTł.
830 _aKrótkie Wykłady
020 _a8301140062
040 _cBPK
041 1 _apol
_heng
080 _a581.1(075.8)
920 _a83-01-14006-2
942 _cKS
008 s pl f |000 0 pol
999 _c44632
_d44632
856 _uhttp://koha.tu.koszalin.pl/cgi-bin/koha/opac-detail.pl?biblionumber=44632
_yKatalog online BPK